Národné účtovníctvo

Pokračovanie príspevku z predchádzajúceho čísla. Charakteristika systému bilancovania národného hospodárstva. Základné bilančné tabuľky. Koordinácia odvetvových a prierezových štatistík a vzťah národného účtovníctva k jednotlivým prierezovým ekonomickým disciplínam .

Salvato in:
Dettagli Bibliografici
Autore principale: Baláži, Peter
Altri autori: Staríčková, Zuzana
Natura: Capitolo di libro
Lingua:slovacco
Soggetti:
Tags: Aggiungi Tag
Nessun Tag, puoi essere il primo ad aggiungerne!!

MARC

LEADER 00000nla a2200000 4500
001 0178225
005 20240502073030.3
041 0 |a slo 
044 |a SK 
245 1 0 |a Národné účtovníctvo  |c Peter Baláži, Zuzana Staríčková 
520 |a Pokračovanie príspevku z predchádzajúceho čísla. Charakteristika systému bilancovania národného hospodárstva. Základné bilančné tabuľky. Koordinácia odvetvových a prierezových štatistík a vzťah národného účtovníctva k jednotlivým prierezovým ekonomickým disciplínam . 
610 2 0 |a bilancia finančná 
610 2 0 |a účty národné 
610 2 0 |a účtovníctvo národné 
100 1 |a Baláži, Peter 
700 1 |a Staríčková, Zuzana